00694pam a2200229 i 4500001000800000005001700008008004100025010001700066020002500083040001800108041000800126080001400134082001400148100000700162101000800169245007000177504003000247906004500277942001200322999001700334952011300351228134520180213091938.0790809s1979 nyua b 001 0 eng  a 79019551  a0814455514 :c$14.95 aDLCcDLCdDLC aeng a658.4 BUD00a658.4 BUD1 a52 aBNJ10aMeasuring performance in human service systems :cJames F. Budde. aBibliography: p. 195-196. a7bcbccorignewd1eocipf19gy-gencatlg 2ddccBK c42431d42431 00102udc40708PËKGa002b002cPËKGd2018-02-13l0o658.4 BUDp002-2997323r2018-02-13w2018-02-13yBK